The Gambia : Request for a Three-Year Arrangement Under the Poverty Reduction and Growth Facility and for Additional Interim Assistance Under the Enhanced Initiative for Heavily Indebted Poor Countries; Staff Report; Press Release on the Executive Board Discussion; and Statement by the Executive Director for The Gambia.

This paper discusses the Request from Gambia for a Three-Year Arrangement Under the Poverty Reduction and Growth Facility (PRGF) and for Additional Interim Assistance Under the Enhanced Initiative for Heavily Indebted Poor Countries (HIPC). The Gambian authorities are requesting a three-year PRGF ar...

Celý popis

Podrobná bibliografie
Korporativní autor: International Monetary Fund
Médium: Časopis
Jazyk:English
Vydáno: Washington, D.C. : International Monetary Fund, 2007.
Edice:IMF Staff Country Reports; Country Report ; No. 2007/116
On-line přístup:Full text available on IMF
LEADER 01952cas a2200241 a 4500
001 AALejournalIMF009244
008 230101c9999 xx r poo 0 0eng d
020 |c 5.00 USD 
020 |z 9781451967135 
022 |a 1934-7685 
040 |a BD-DhAAL  |c BD-DhAAL 
110 2 |a International Monetary Fund. 
245 1 4 |a The Gambia :   |b Request for a Three-Year Arrangement Under the Poverty Reduction and Growth Facility and for Additional Interim Assistance Under the Enhanced Initiative for Heavily Indebted Poor Countries; Staff Report; Press Release on the Executive Board Discussion; and Statement by the Executive Director for The Gambia. 
264 1 |a Washington, D.C. :  |b International Monetary Fund,  |c 2007. 
300 |a 1 online resource (75 pages) 
490 1 |a IMF Staff Country Reports 
500 |a <strong>Off-Campus Access:</strong> No User ID or Password Required 
500 |a <strong>On-Campus Access:</strong> No User ID or Password Required 
506 |a Electronic access restricted to authorized BRAC University faculty, staff and students 
520 3 |a This paper discusses the Request from Gambia for a Three-Year Arrangement Under the Poverty Reduction and Growth Facility (PRGF) and for Additional Interim Assistance Under the Enhanced Initiative for Heavily Indebted Poor Countries (HIPC). The Gambian authorities are requesting a three-year PRGF arrangement to support their economic reform program and to help them make progress toward the HIPC completion point. The program aims to consolidate recently achieved macroeconomic stabilization while addressing the formidable challenges faced by the country, including debt distress, vulnerability to exogenous shocks, and widespread poverty. 
538 |a Mode of access: Internet 
830 0 |a IMF Staff Country Reports; Country Report ;  |v No. 2007/116 
856 4 0 |z Full text available on IMF  |u http://elibrary.imf.org/view/journals/002/2007/116/002.2007.issue-116-en.xml  |z IMF e-Library